Just be nice .... and say you're sorry ! / (Record no. 9071)
[ view plain ]
| 000 -LEADER | |
|---|---|
| fixed length control field | 00954nam a22003017a 4500 |
| 001 - CONTROL NUMBER | |
| control field | 9071 |
| 003 - CONTROL NUMBER IDENTIFIER | |
| control field | FISKH |
| 005 - DATE AND TIME OF LATEST TRANSACTION | |
| control field | 20251118155601.0 |
| 008 - FIXED-LENGTH DATA ELEMENTS--GENERAL INFORMATION | |
| fixed length control field | 251118b cb ||||| |||| 00| 0 eng d |
| 020 ## - INTERNATIONAL STANDARD BOOK NUMBER | |
| International Standard Book Number | 0307103439 |
| 040 ## - CATALOGING SOURCE | |
| Original cataloging agency | FISKH |
| Language of cataloging | eng |
| Transcribing agency | FISKH |
| Modifying agency | FISKH |
| 050 ## - LIBRARY OF CONGRESS CALL NUMBER | |
| Classification number | PZ7.M122817 J |
| 082 ## - DEWEY DECIMAL CLASSIFICATION NUMBER | |
| Classification number | 465 |
| 100 ## - MAIN ENTRY--PERSONAL NAME | |
| Personal name | McCafferty, Catherine |
| 245 ## - TITLE STATEMENT | |
| Title | Just be nice .... and say you're sorry ! / |
| Statement of responsibility, etc. | By Catherine McCafferty : Illustrated by Darrell Baker |
| 260 ## - PUBLICATION, DISTRIBUTION, ETC. | |
| Place of publication, distribution, etc. | New York : |
| Name of publisher, distributor, etc. | A Golden Book , |
| Date of publication, distribution, etc. | 1998 . |
| 300 ## - PHYSICAL DESCRIPTION | |
| Extent | 24 unnumbered pages : |
| Other physical details | color illustrations ; |
| Dimensions | 20 cm . |
| 490 ## - SERIES STATEMENT | |
| Series statement | Golden Books |
| 505 ## - FORMATTED CONTENTS NOTE | |
| Formatted contents note | F <br/> |
| 520 ## - SUMMARY, ETC. | |
| Summary, etc. | Rabbit has a bad morning and upsets his friends. |
| 521 8# - TARGET AUDIENCE NOTE | |
| Target audience note | 350 <br/> |
| Source | Lexile estimate <br/> |
| 521 8# - TARGET AUDIENCE NOTE | |
| Target audience note | F <br/> |
| Source | Raz-Plus <br/> |
| 650 ## - SUBJECT ADDED ENTRY--TOPICAL TERM | |
| Topical term or geographic name entry element | Grumpiness |
| Form subdivision | Children's Stories |
| 650 ## - SUBJECT ADDED ENTRY--TOPICAL TERM | |
| Topical term or geographic name entry element | Bad moods |
| Form subdivision | Children's Stories |
| 700 ## - ADDED ENTRY--PERSONAL NAME | |
| Personal name | Baker, Darrell |
| Relator term | Illustrator |
| 942 ## - ADDED ENTRY ELEMENTS (KOHA) | |
| Source of classification or shelving scheme | Dewey Decimal Classification |
| Koha item type | Books |
| Suppress in OPAC | No |
| Withdrawn status | Lost status | Source of classification or shelving scheme | Damaged status | Not for loan | Collection | Home library | Current library | Shelving location | Date acquired | Total Checkouts | Full call number | Barcode | Date last seen | Date last checked out | Price effective from | Koha item type |
|---|---|---|---|---|---|---|---|---|---|---|---|---|---|---|---|---|
| Dewey Decimal Classification | Juvenile Fiction | Footprints International School Library Network Toul Tom Poung Campus | Footprints International School Library Network Toul Tom Poung Campus | TTP Primary Green Bookshelves | 11/18/2025 | 1 | MCC 465 PZ7.M122817 J | FISBK05328 | 11/28/2025 | 11/21/2025 | 11/18/2025 | Books |
